000 00587nam a2200193 a 4500
001 000017259
005 20240412074246.0
008 100322s19uu dr 000 p spa d
040 _aDO-SdBNP
_bspa
_cBNPHU
082 _aCu861.42
_bB928o
100 1 _aBuesa, José Angel,
_d1920-
_937919
245 1 0 _aOasis /
_cJosé Angel Buesa.
260 _aSanto Domingo :
_bRamallo Bros.,
_c19??
300 _a134 p. ;
_c22 cm.
500 _aIncluye datos biográficos del autor en la contracubierta.
650 0 _aPoesía dominicana
_966
650 0 _aLiteratura dominicana.
_967
049 _aBNPD
999 _c16784
_d16784